[Event "Titled Tuesday intern op 16th Apr Early"]
[Site "Chess.com INT"]
[Date "2024.04.16"]
[Round "3"]
[White "Vigoa Apecheche, Yanira"]
[Black "Khripachenko, Alexander"]
[Result "0-1"]
[WhiteElo "2232"]
[BlackElo "2371"]
[PlyCount "114"]
[EventDate "2024.04.16"]
[EventType "swiss (blitz)"]
[EventRounds "11"]
[EventCountry "USA"]
[SourceTitle "CB17_2024"]
[SourceDate "2024.04.24"]
[SourceVersion "1"]
[SourceVersionDate "2024.04.24"]
[SourceQuality "1"]

1. d4 d5 2. Nf3 Nf6 3. Bf4 c5 4. e3 Nc6 5. c3 e6 6. Nbd2 Nh5 7. Bg5 f6 8. Bh4 g6 9. Be2 cxd4 10. cxd4 Bd6 11. Bg3 Nxg3 12. hxg3 0-0 13. a3 Bd7 14. Rc1 Rc8 15. 0-0 Qb6 16. b4 a5 17. bxa5 Nxa5 18. Rb1 Qc7 19. Bb5 Nc6 20. a4 Kg7 21. e4 Rfe8 22. Re1 dxe4 23. Nxe4 Be7 24. d5 exd5 25. Qxd5 Rcd8 26. Qb3 Bc8 27. Rbc1 Bf5 28. Nh4 Bc8 29. Nf3 Bg4 30. Re3 Rc8 31. Rce1 Bxf3 32. Rxf3 Nd4 33. Rc3 Nxb3 34. Rxc7 Rxc7 35. Bxe8 f5 36. Rb1 Nd4 37. Nd2 Bc5 38. Nf3 Ne2+ 39. Kh2 Bxf2 40. Bb5 Nxg3 41. Rb2 Ne4 42. Re2 Bg3+ 43. Kh3 Bf4 44. g3 Nxg3 45. Re6 Ne4 46. Rb6 Be3 47. Re6 Kf7 48. Re8 Rc3 49. Rh8 Bd4 50. Rxh7+ Kg8 51. Rxb7 Rxf3+ 52. Kg2 Rf2+ 53. Kh3 g5 54. Bc4+ Kh8 55. Rb8+ Kg7 56. Rb7+ Kh6 57. Rb6+ Bxb6 0-1

[Event "Belgrade Radnicki IM 03"]
[Site "Belgrade"]
[Date "2024.03.18"]
[Round "7"]
[White "Cetkovic, Miodrag"]
[Black "Khripachenko, Alexander"]
[Result "1/2-1/2"]
[WhiteElo "1995"]
[BlackElo "2296"]
[PlyCount "115"]
[EventDate "2024.03.13"]
[EventType "tourn"]
[EventRounds "9"]
[EventCountry "SRB"]
[SourceTitle "CB13_2024"]
[SourceDate "2024.03.27"]
[SourceVersion "1"]
[SourceVersionDate "2024.03.27"]
[SourceQuality "1"]

1. e4 c5 2. Nf3 e6 3. d4 cxd4 4. Nxd4 Nc6 5. Nc3 Qc7 6. Be3 a6 7. Be2 Nf6 8. a3 Be7 9. f4 d6 10. g4 Nxd4 11. Qxd4 e5 12. Qd2 Qc6 13. g5 Nxe4 14. Nxe4 Qxe4 15. 0-0-0 0-0 16. Rdf1 exf4 17. Bxf4 Be6 18. Rd1 Rac8 19. Bd3 Qa4 20. Kb1 d5 21. Be5 Rfd8 22. Bd4 Bc5 23. Bxc5 Rxc5 24. h4 d4 25. Qe2 Qd7 26. Rhg1 Bf5 27. Bxf5 Rxf5 28. Rg4 Rd5 29. Re4 Kf8 30. Qd3 Qc6 31. Rf4 Qg6 32. Qxg6 hxg6 33. Rd3 R5d6 34. Rdf3 R8d7 35. Kc1 Rb6 36. Rd3 Rbd6 37. Rdf3 d3 38. cxd3 Rc6+ 39. Kb1 Re6 40. Kc2 Rc7+ 41. Kb3 Rb6+ 42. Rb4 Rxb4+ 43. Kxb4 Ke7 44. Re3+ Kd7 45. b3 Rc6 46. d4 Re6 47. Rf3 f5 48. h5 gxh5 49. Rxf5 Ke7 50. g6 Rxg6 51. Rxh5 Rg3 52. a4 Kd6 53. Kc4 Rg1 54. Rh8 Rc1+ 55. Kd3 Rc7 56. b4 Rd7 57. Kc4 Rc7+ 58. Kd3 1/2-1/2

[Event "Belgrade Radnicki IM 03"]
[Site "Belgrade"]
[Date "2024.03.15"]
[Round "3"]
[White "Rounaiv, Rana"]
[Black "Khripachenko, Alexander"]
[Result "0-1"]
[WhiteElo "2099"]
[BlackElo "2296"]
[PlyCount "110"]
[EventDate "2024.03.13"]
[EventType "tourn"]
[EventRounds "9"]
[EventCountry "SRB"]
[SourceTitle "CB13_2024"]
[SourceDate "2024.03.27"]
[SourceVersion "1"]
[SourceVersionDate "2024.03.27"]
[SourceQuality "1"]

1. d4 Nf6 2. c4 e6 3. Nc3 Bb4 4. Qc2 0-0 5. e4 d5 6. e5 Ne4 7. Bd3 c5 8. Nf3 cxd4 9. Nxd4 Nd7 10. Bf4 Ndc5 11. 0-0 Bxc3 12. bxc3 Nxd3 13. Qxd3 b6 14. cxd5 Qxd5 15. Rfd1 Bb7 16. f3 Nc5 17. Qe2 Ba6 18. Nb5 Bxb5 19. Qxb5 Qb7 20. Rab1 Rfc8 21. Rd6 Qa6 22. Qxa6 Nxa6 23. Rbd1 h6 24. R1d3 Nc7 25. c4 Na6 26. R3d4 Nb4 27. Bd2 Nc6 28. Re4 Rc7 29. Be3 Ne7 30. g4 Rac8 31. Bf2 Kf8 32. Rd2 Ke8 33. Rc2 Rd8 34. Rd4 Rxd4 35. Bxd4 b5 36. c5 Nc6 37. Bc3 Rd7 38. f4 Rd5 39. Bb2 Nb4 40. Rc1 Nxa2 41. Ra1 Nb4 42. Bc3 Nc6 43. Be1 Rxc5 44. Bf2 Rc4 45. Be3 a5 46. Kf2 a4 47. Rc1 Rxc1 48. Bxc1 Na5 49. Ke2 Nc4 50. Kd3 a3 51. Kc2 a2 52. Bb2 Nxb2 53. Kxb2 Kd7 54. Kxa2 Kc6 55. Kb3 Kd5 0-1

[Event "Moscow-ch op Superfinal"]
[Site "Ershovo"]
[Date "2024.03.01"]
[Round "10"]
[White "Khripachenko, Alexander"]
[Black "Lintchevski, Daniil"]
[Result "0-1"]
[WhiteElo "2258"]
[BlackElo "2540"]
[PlyCount "100"]
[EventDate "2024.02.23"]
[EventType "swiss"]
[EventRounds "10"]
[EventCountry "RUS"]
[SourceTitle "CB10_2024"]
[SourceDate "2024.03.06"]
[SourceVersion "1"]
[SourceVersionDate "2024.03.06"]
[SourceQuality "1"]

1. e4 e6 2. d4 d5 3. Nd2 c5 4. Ngf3 cxd4 5. Nxd4 Nf6 6. exd5 Nxd5 7. Ne4 Be7 8. Qg4 Kf8 9. c3 Nc6 10. Nxc6 bxc6 11. Bc4 e5 12. Qe2 Be6 13. 0-0 Qc7 14. Be3 h5 15. Rae1 Re8 16. Bb3 g6 17. Qa6 Nxe3 18. fxe3 Bxb3 19. axb3 Kg7 20. Ra1 f5 21. Nd2 Bc5 22. Nc4 Re7 23. b4 Bb6 24. Nxb6 axb6 25. e4 f4 26. Rfd1 Rd8 27. Kf2 Red7 28. Qa7 Qc8 29. Rxd7+ Rxd7 30. Qa8 Qc7 31. Kg1 b5 32. h3 Qb6+ 33. Kh2 Qb7 34. Qxb7 Rxb7 35. Rd1 Ra7 36. Rd2 Kf7 37. Kg1 g5 38. Kf2 g4 39. hxg4 hxg4 40. c4 bxc4 41. Rc2 Ra2 42. Rxc4 Rxb2+ 43. Kf1 g3 44. Rc5 Rf2+ 45. Ke1 Ke6 46. Rxc6+ Kd7 47. Rc5 Kd6 48. Rd5+ Ke6 49. Rd8 Rxg2 50. Re8+ Kd6 0-1

[Event "Ufa Startsev Memorial Rapid"]
[Site "Ufa"]
[Date "2024.02.04"]
[Round "4"]
[White "Khripachenko, Alexander"]
[Black "Dimitrov, Radoslav"]
[Result "0-1"]
[WhiteElo "2258"]
[BlackElo "2486"]
[PlyCount "124"]
[EventDate "2024.02.04"]
[EventType "swiss (rapid)"]
[EventRounds "11"]
[EventCountry "RUS"]
[SourceTitle "CB07_2024"]
[SourceDate "2024.02.14"]
[SourceVersion "1"]
[SourceVersionDate "2024.02.14"]
[SourceQuality "1"]

1. e4 c5 2. Nf3 Nc6 3. d4 cxd4 4. Nxd4 e5 5. Nb5 a6 6. Nd6+ Bxd6 7. Qxd6 Qe7 8. Qd1 Nf6 9. Nc3 Nd4 10. Be3 0-0 11. Bxd4 d5 12. Be2 exd4 13. Qxd4 dxe4 14. 0-0-0 Bf5 15. Qd6 Rfe8 16. Qxe7 Rxe7 17. Rd4 g6 18. Rhd1 Kg7 19. Kd2 Rc8 20. Ke3 b5 21. h3 h5 22. a3 Rec7 23. Kf4 e3 24. fxe3 Bxc2 25. R1d2 Bb3 26. Rd6 Bc4 27. Bf3 a5 28. Ne4 Nxe4 29. Bxe4 b4 30. axb4 axb4 31. Rb6 b3 32. Rdd6 Be6 33. Rbc6 Rxc6 34. Bxc6 Kf6 35. Bd5 Rc2 36. Bxb3 Rxg2 37. Bxe6 fxe6 38. b4 Rb2 39. Rb6 Rf2+ 40. Kg3 Re2 41. Kf3 Rh2 42. Kg3 Re2 43. Kf3 Rh2 44. Kg3 Rb2 45. h4 Kf5 46. Kf3 Rh2 47. Kg3 Rh1 48. b5 Rg1+ 49. Kf3 Rg4 50. Rb8 Rxh4 51. b6 Rb4 52. b7 Kg5 53. Kg3 Rb3 54. Kf3 h4 55. Ke4 Rb5 56. Kf3 Rb4 57. Kf2 e5 58. e4 Kg4 59. Rg8 Rxb7 60. Rxg6+ Kf4 61. Rh6 Rb2+ 62. Ke1 Rh2 0-1

[Event "Ufa Startsev Memorial Blitz"]
[Site "Ufa"]
[Date "2024.02.03"]
[Round "6"]
[White "Zakirov, Musa"]
[Black "Khripachenko, Alexander"]
[Result "0-1"]
[WhiteElo "2106"]
[BlackElo "2258"]
[PlyCount "33"]
[EventDate "2024.02.03"]
[EventType "swiss (blitz)"]
[EventRounds "13"]
[EventCountry "RUS"]
[SourceTitle "CB07_2024"]
[SourceDate "2024.02.14"]
[SourceVersion "1"]
[SourceVersionDate "2024.02.14"]
[SourceQuality "1"]

1. e4 c5 2. Nf3 e6 3. d4 cxd4 4. Nxd4 Nc6 5. Nc3 Qc7 6. Be3 a6 7. a3 b5 8. Nxc6 Qxc6 9. g3 Bb7 10. Bg2 Nf6 11. 0-0 Be7 12. Qe2 d6 13. f4 0-0 14. Rad1 Nd7 15. e5 Qxc3 16. exd6 Bxg2 17. Qxg2 0-1

[Event "Titled Tuesday intern op 09th Jan Early"]
[Site "Chess.com INT"]
[Date "2024.01.09"]
[Round "2"]
[White "Khripachenko, Alexander"]
[Black "Belov, Alexei"]
[Result "1-0"]
[WhiteElo "2203"]
[BlackElo "2421"]
[PlyCount "61"]
[EventDate "2024.01.09"]
[EventType "swiss (blitz)"]
[EventRounds "11"]
[EventCountry "USA"]
[SourceTitle "CB03_2024"]
[SourceDate "2024.01.17"]
[SourceVersion "1"]
[SourceVersionDate "2024.01.17"]
[SourceQuality "1"]

1. e4 e6 2. d4 d5 3. Nd2 Nf6 4. e5 Nfd7 5. f4 c5 6. c3 Nc6 7. Ndf3 Qb6 8. a3 a5 9. b3 Be7 10. Be3 f6 11. Bd3 cxd4 12. cxd4 fxe5 13. fxe5 Ndxe5 14. Nxe5 Nxe5 15. Qh5+ Nf7 16. Ne2 Qxb3 17. 0-0 g6 18. Qf3 0-0 19. Nf4 Ng5 20. Qe2 Qb6 21. Nxg6 hxg6 22. Bxg6 Bd7 23. Qh5 Rxf1+ 24. Rxf1 Rf8 25. Rxf8+ Bxf8 26. Qxg5 Bg7 27. Qe7 Qc6 28. Qf7+ Kh8 29. Bh6 Bxd4+ 30. Kh1 Qc5 31. Qh7# 1-0

[Event "Titled Tuesday intern op 09th Jan Early"]
[Site "Chess.com INT"]
[Date "2024.01.09"]
[Round "5"]
[White "Khripachenko, Alexander"]
[Black "Drygalov, Sergey"]
[Result "0-1"]
[WhiteElo "2203"]
[BlackElo "2547"]
[PlyCount "86"]
[EventDate "2024.01.09"]
[EventType "swiss (blitz)"]
[EventRounds "11"]
[EventCountry "USA"]
[SourceTitle "CB03_2024"]
[SourceDate "2024.01.17"]
[SourceVersion "1"]
[SourceVersionDate "2024.01.17"]
[SourceQuality "1"]

1. e4 c5 2. Nf3 d6 3. d4 cxd4 4. Nxd4 Nf6 5. Nc3 a6 6. Be3 e5 7. Nb3 Be7 8. f3 Be6 9. Qd2 0-0 10. 0-0-0 Nbd7 11. g4 b5 12. g5 Nh5 13. Nd5 Bxd5 14. exd5 f6 15. gxf6 Bxf6 16. Na5 Nf4 17. Nc6 Qe8 18. Qb4 Qh5 19. Bxf4 exf4 20. Qxd6 Qxf3 21. Bd3 Ne5 22. Qe6+ Kh8 23. Nxe5 Qe3+ 24. Kb1 Qxe5 25. Qxe5 Bxe5 26. Rhe1 Bd6 27. Re6 Rad8 28. h3 f3 29. a4 bxa4 30. Bxa6 f2 31. Bf1 g6 32. c3 Rf3 33. Kc2 Kg7 34. Rd3 Rf4 35. Rd4 Rxd4 36. cxd4 Bg3 37. Re7+ Kh6 38. Re3 Bh4 39. Re4 Bg5 40. h4 Rc8+ 41. Kd3 Bc1 42. d6 Bxb2 43. Re2 a3 0-1

[Event "Titled Tuesday intern op 09th Jan Early"]
[Site "Chess.com INT"]
[Date "2024.01.09"]
[Round "3"]
[White "Rogov, Matfey"]
[Black "Khripachenko, Alexander"]
[Result "1/2-1/2"]
[WhiteElo "2200"]
[BlackElo "2203"]
[PlyCount "105"]
[EventDate "2024.01.09"]
[EventType "swiss (blitz)"]
[EventRounds "11"]
[EventCountry "USA"]
[SourceTitle "CB03_2024"]
[SourceDate "2024.01.17"]
[SourceVersion "1"]
[SourceVersionDate "2024.01.17"]
[SourceQuality "1"]

1. e4 c5 2. Nc3 e6 3. Nf3 Nc6 4. d4 cxd4 5. Nxd4 Qc7 6. Qd3 a6 7. Nxc6 Qxc6 8. Be2 b5 9. 0-0 Bb7 10. Bf3 Qc7 11. Re1 Ne7 12. Bg5 d6 13. e5 d5 14. a4 b4 15. Ne2 Nc6 16. Nd4 Nxe5 17. Qe2 Bd6 18. Rad1 0-0 19. h4 Rfe8 20. h5 h6 21. Bh4 Nxf3+ 22. Qxf3 Rac8 23. Rd3 e5 24. Nf5 Bf8 25. Nxh6+ Kh8 26. Nxf7+ Kg8 27. h6 e4 28. Qf5 gxh6 29. Rg3+ Bg7 30. Bf6 Qxg3 31. fxg3 Rf8 32. Bxg7 Rxf7 33. Qg4 Rxg7 34. Qe6+ Kh7 35. Rf1 Rc6 36. Qf5+ Rcg6 37. Qf8 Rxg3 38. Rf7 Rxg2+ 39. Kf1 Rg1+ 40. Ke2 R1g2+ 41. Ke3 b3 42. cxb3 R2g3+ 43. Kd4 R3g4 44. Ke3 h5 45. Rxg7+ Rxg7 46. Qf5+ Kh6 47. Qf6+ Rg6 48. Qf8+ Rg7 49. Qh8+ Kg6 50. Qe8+ Kh6 51. Qh8+ Kg6 52. Qe8+ Kh6 53. Qh8+ 1/2-1/2

[Event "Titled Tuesday intern op 12th Dec Early"]
[Site "Chess.com INT"]
[Date "2023.12.12"]
[Round "2"]
[White "Cordoba Roa, Angel Gabriel"]
[Black "Khripachenko, Alexander"]
[Result "1/2-1/2"]
[WhiteElo "2312"]
[BlackElo "2233"]
[PlyCount "182"]
[EventDate "2023.12.12"]
[EventType "swiss (blitz)"]
[EventRounds "11"]
[EventCountry "USA"]
[SourceTitle "CB51_2023"]
[SourceDate "2023.12.20"]
[SourceVersion "1"]
[SourceVersionDate "2023.12.20"]
[SourceQuality "1"]

1. e4 c5 2. Nf3 e6 3. g3 Nc6 4. Bg2 Nf6 5. Qe2 d6 6. 0-0 Be7 7. c3 e5 8. Rd1 0-0 9. Na3 Re8 10. Nc2 Bf8 11. b4 cxb4 12. cxb4 d5 13. d3 Nxb4 14. Nxb4 Bxb4 15. exd5 Nxd5 16. Bb2 Bc3 17. Rac1 Bxb2 18. Qxb2 Qb6 19. Qa1 Qd6 20. Nd2 Bf5 21. Nc4 Qe6 22. Re1 f6 23. f4 Bxd3 24. fxe5 Bxc4 25. Rxc4 fxe5 26. Rce4 Qb6+ 27. Kh1 Nf6 28. Rxe5 Rxe5 29. Qxe5 Re8 30. Qc3 Rxe1+ 31. Qxe1 Kf7 32. h3 Qc7 33. g4 h6 34. a4 b6 35. Qb1 Qc3 36. Qb5 Qc1+ 37. Kh2 Qf4+ 38. Kg1 Qd4+ 39. Kh2 Qc5 40. Qa6 Qc7+ 41. Kg1 Ke7 42. Qe2+ Kf8 43. Qa6 Nd7 44. Qf1+ Nf6 45. Qa6 Qe7 46. Qc8+ Kf7 47. Qc4+ Kf8 48. Qc8+ Ne8 49. Qa8 Qe1+ 50. Kh2 Qe5+ 51. Kh1 a5 52. Bc6 Qe1+ 53. Kg2 Qe2+ 54. Kg1 Qe3+ 55. Kg2 Kf7 56. Bxe8+ Qxe8 57. Qb7+ Qe7 58. Qxb6 Qe4+ 59. Kg3 Qxa4 60. Qc7+ Kg6 61. Qd6+ Kh7 62. Qd3+ Kg8 63. Qd5+ Kf8 64. Qf5+ Kg8 65. Qe6+ Kh8 66. Qc8+ Kh7 67. Qf5+ Kg8 68. Qe6+ Kf8 69. Qf5+ Ke7 70. Qe5+ Kd8 71. Qxg7 Qb3+ 72. Kh4 a4 73. Qxh6 a3 74. Qf8+ Kd7 75. Qf5+ Kd6 76. Qf6+ Kc5 77. Qe5+ Kc6 78. Qf6+ Kb5 79. Qe5+ Kc4 80. g5 a2 81. g6 Kb4 82. g7 Qc4+ 83. Kg5 Qf7 84. Qf4+ Qxf4+ 85. Kxf4 a1Q 86. g8Q Qf1+ 87. Ke5 Qxh3 88. Qb8+ Kc3 89. Qc7+ Kd2 90. Qa5+ Qc3+ 91. Qxc3+ Kxc3 1/2-1/2

[Event "Titled Tuesday intern op 12th Dec Early"]
[Site "Chess.com INT"]
[Date "2023.12.12"]
[Round "1"]
[White "Khripachenko, Alexander"]
[Black "Bolat, Inayat"]
[Result "1-0"]
[WhiteElo "2233"]
[BlackElo "2299"]
[PlyCount "79"]
[EventDate "2023.12.12"]
[EventType "swiss (blitz)"]
[EventRounds "11"]
[EventCountry "USA"]
[SourceTitle "CB51_2023"]
[SourceDate "2023.12.20"]
[SourceVersion "1"]
[SourceVersionDate "2023.12.20"]
[SourceQuality "1"]

1. e4 e5 2. Nf3 Nc6 3. Bb5 a6 4. Ba4 d6 5. c3 Bd7 6. d4 g6 7. 0-0 Bg7 8. Re1 Nf6 9. Bxc6 Bxc6 10. dxe5 Nxe4 11. exd6 Qxd6 12. Qxd6 cxd6 13. Nbd2 d5 14. Nb3 0-0 15. Nfd4 a5 16. f3 Nd6 17. a4 Nc4 18. Kf2 Rfe8 19. Rxe8+ Rxe8 20. Nc5 b6 21. Nd3 Bd7 22. b3 Nd6 23. Be3 Nf5 24. Re1 h5 25. Nf4 Bxd4 26. Bxd4 Rxe1 27. Kxe1 Nxd4 28. cxd4 Bc6 29. Kd2 Kg7 30. Nd3 Kf6 31. Ke3 Kf5 32. h4 f6 33. Nf4 Bb7 34. Ne2 Bc6 35. Ng3+ Ke6 36. Ne2 b5 37. axb5 Bxb5 38. Nf4+ Kf5 39. Nxd5 a4 40. Nc3 1-0

[Event "Khanty-Mansiysk TOP 28 Blitz GP"]
[Site "Khanty-Mansiysk"]
[Date "2023.12.04"]
[Round "13"]
[White "Khripachenko, Alexander"]
[Black "Makarian, Rudik"]
[Result "0-1"]
[WhiteElo "2233"]
[BlackElo "2530"]
[PlyCount "70"]
[EventDate "2023.12.04"]
[EventType "tourn (blitz)"]
[EventRounds "13"]
[EventCountry "RUS"]
[EventCategory "10"]
[SourceTitle "CB49_2023"]
[SourceDate "2023.12.06"]
[SourceVersion "1"]
[SourceVersionDate "2023.12.06"]
[SourceQuality "1"]

1. e4 c5 2. Nf3 d6 3. d4 cxd4 4. Nxd4 Nf6 5. Nc3 Nc6 6. Bg5 Bd7 7. Qd2 Nxd4 8. Qxd4 h6 9. Be3 e5 10. Qd2 Ng4 11. 0-0-0 Be7 12. Kb1 Nxe3 13. Qxe3 0-0 14. Nd5 Be6 15. Bc4 Kh7 16. f3 a6 17. Bb3 b5 18. Rd3 Bg5 19. Qf2 a5 20. a3 Qb8 21. Rhd1 Ra6 22. h4 Bd8 23. g3 Ra7 24. Qe2 Ra6 25. Ne3 a4 26. Bd5 b4 27. Nc4 bxa3 28. Nxa3 Be7 29. Rc3 Rb6 30. Nc4 Rb4 31. f4 Rc8 32. Bxe6 fxe6 33. fxe5 Rcxc4 34. Rxc4 Rxb2+ 35. Ka1 a3 0-1

[Event "Khanty-Mansiysk TOP 28 Blitz GP"]
[Site "Khanty-Mansiysk"]
[Date "2023.12.04"]
[Round "5"]
[White "Khripachenko, Alexander"]
[Black "Triapishko, Alexandr"]
[Result "1-0"]
[WhiteElo "2233"]
[BlackElo "2499"]
[PlyCount "97"]
[EventDate "2023.12.04"]
[EventType "tourn (blitz)"]
[EventRounds "13"]
[EventCountry "RUS"]
[EventCategory "10"]
[SourceTitle "CB49_2023"]
[SourceDate "2023.12.06"]
[SourceVersion "1"]
[SourceVersionDate "2023.12.06"]
[SourceQuality "1"]

1. e4 e5 2. Nf3 Nc6 3. Bb5 Nf6 4. d3 Bc5 5. Nbd2 0-0 6. Bxc6 dxc6 7. Qe2 Nd7 8. Rg1 Bd6 9. g4 Nc5 10. Nc4 Ne6 11. Be3 f6 12. h4 b5 13. Nxd6 cxd6 14. h5 h6 15. Nh4 d5 16. 0-0-0 d4 17. Bd2 c5 18. f4 exf4 19. Ng6 Rf7 20. Bxf4 c4 21. dxc4 bxc4 22. Qxc4 Qb6 23. Kb1 Bb7 24. Rge1 Rc8 25. Qb3 Qc6 26. Bg3 Qc4 27. e5 Qxb3 28. axb3 Bf3 29. Rd2 Bxg4 30. exf6 gxf6 31. Rg2 Kh7 32. Nh4 Ng5 33. Bf4 Bxh5 34. Rd2 Nf3 35. Nxf3 Bxf3 36. Rxd4 h5 37. Re3 Bg4 38. c4 Kg6 39. Bg3 Rd7 40. Rxd7 Bxd7 41. Kc2 Rh8 42. Bh4 Bf5+ 43. Kc3 Rd8 44. c5 a5 45. Rg3+ Kf7 46. Rf3 Kg6 47. Rg3+ Bg4 48. Re3 f5 49. Bxd8 1-0

[Event "Khanty-Mansiysk TOP 28 Blitz GP"]
[Site "Khanty-Mansiysk"]
[Date "2023.12.04"]
[Round "1"]
[White "Tsydypov, Zhamsaran"]
[Black "Khripachenko, Alexander"]
[Result "1-0"]
[WhiteElo "2530"]
[BlackElo "2233"]
[PlyCount "129"]
[EventDate "2023.12.04"]
[EventType "tourn (blitz)"]
[EventRounds "13"]
[EventCountry "RUS"]
[EventCategory "10"]
[SourceTitle "CB49_2023"]
[SourceDate "2023.12.06"]
[SourceVersion "1"]
[SourceVersionDate "2023.12.06"]
[SourceQuality "1"]

1. d4 d5 2. c4 e6 3. Nf3 Nf6 4. g3 Be7 5. Bg2 0-0 6. 0-0 dxc4 7. Na3 c6 8. Nxc4 b5 9. Nce5 Bb7 10. Qc2 Qb6 11. a4 Na6 12. a5 Qc7 13. Bf4 Bd6 14. Rfc1 Rac8 15. Ng5 Nb4 16. Qb1 h6 17. Ne4 Nxe4 18. Bxe4 Nd5 19. a6 Ba8 20. Bxd5 exd5 21. Nd3 Rfe8 22. Bxd6 Qxd6 23. e3 Qf6 24. Nc5 Re7 25. b4 Rce8 26. Qd3 g6 27. Ra2 Kg7 28. Rac2 h5 29. h4 Qf3 30. Qe2 Qf6 31. Nd3 Qd6 32. Rc5 Qc7 33. Kg2 Qb6 34. Qa2 Qb8 35. Ne5 Qb6 36. R1c3 Re6 37. Qa1 f6 38. Nd3 Qd8 39. Nc1 Qd6 40. Nb3 g5 41. Qd1 gxh4 42. gxh4 Re4 43. Qf3 Rg4+ 44. Kf1 Rxh4 45. Na5 Qe6 46. Nxc6 Rh3 47. Qxd5 Qg4 48. Qg2 Re6 49. Qxg4+ hxg4 50. d5 Rd6 51. Ke2 f5 52. Nd4 Rxd5 53. Rc8 Rxd4 54. exd4 Bf3+ 55. Kd2 f4 56. R8c7+ Kf6 57. Rxa7 Rh2 58. Rxf3 gxf3 59. Rb7 Rxf2+ 60. Ke1 Ra2 61. Rb6+ Kf5 62. Rxb5+ Ke4 63. Ra5 Rh2 64. a7 f2+ 65. Kf1 1-0

[Event "Khanty-Mansiysk TOP 28 Rapid GP"]
[Site "Khanty-Mansiysk"]
[Date "2023.12.02"]
[Round "8"]
[White "Makarian, Rudik"]
[Black "Khripachenko, Alexander"]
[Result "1/2-1/2"]
[WhiteElo "2552"]
[BlackElo "2259"]
[PlyCount "240"]
[EventDate "2023.12.01"]
[EventType "tourn (rapid)"]
[EventRounds "13"]
[EventCountry "RUS"]
[EventCategory "10"]
[SourceTitle "CB49_2023"]
[SourceDate "2023.12.06"]
[SourceVersion "1"]
[SourceVersionDate "2023.12.06"]
[SourceQuality "1"]

1. d4 d5 2. c4 e6 3. Nf3 Nf6 4. g3 Be7 5. Bg2 0-0 6. 0-0 dxc4 7. Qc2 a6 8. a4 Bd7 9. Qxc4 Bc6 10. Bg5 Nbd7 11. Nc3 h6 12. Bxf6 Nxf6 13. Rfd1 a5 14. Qb3 Rb8 15. Rac1 Bxf3 16. Bxf3 c6 17. h4 Bb4 18. h5 Qe7 19. Ne4 Nxe4 20. Bxe4 Rbd8 21. Qf3 Qf6 22. Qg4 Qg5 23. Qxg5 hxg5 24. e3 Rd7 25. Kg2 Rfd8 26. Rh1 Re7 27. g4 e5 28. dxe5 Rxe5 29. Kf3 Re6 30. Rcd1 Red6 31. Rxd6 Rxd6 32. b3 Rd8 33. Bf5 Kf8 34. Kg3 Bd6+ 35. Kf3 Ke7 36. Bd3 Bc7 37. Bc4 Rd6 38. Ke2 Rd8 39. Bd3 Kf6 40. Bc4 Rh8 41. Rh3 Ke7 42. Rf3 f6 43. Bd3 Rd8 44. Rh3 Rh8 45. Rh1 Ke6 46. Bc4+ Ke5 47. Bd3 Bb8 48. Rc1 Rd8 49. Rc4 Kd6 50. Kf3 Ke7 51. Ke4 Rd5 52. Rc1 Re5+ 53. Kf3 Rd5 54. Ke2 Rd8 55. Rh1 Rh8 56. Kf3 Rd8 57. Ke4 Kf8 58. Bc4 Rd2 59. f3 Bc7 60. Rf1 Bb6 61. f4 Rd8 62. Rf3 Re8+ 63. Kd3 Rd8+ 64. Ke2 gxf4 65. exf4 Re8+ 66. Kd3 Re1 67. g5 Rh1 68. h6 f5 69. Be6 gxh6 70. Bxf5 hxg5 71. fxg5 Kg7 72. g6 Bd8 73. Be4 Rd1+ 74. Ke2 Rd7 75. Rh3 Kf6 76. Rh5 Re7 77. Kf3 Bb6 78. Rh8 Rd7 79. Kg4 Bc5 80. Rh5 Bb4 81. Rf5+ Kg7 82. Rf3 Re7 83. Kf5 Bd6 84. Bd3 Re5+ 85. Kg4 Re7 86. Rh3 Bc5 87. Kf5 Bd6 88. Kg5 Be5 89. Rh7+ Kf8 90. Rh3 Kg7 91. Bf5 Bf6+ 92. Kg4 Be5 93. Rh7+ Kf8 94. Rh3 Kg7 95. Rd3 Bc7 96. Rd1 Bb6 97. Rh1 Bc5 98. Rh5 Bd6 99. Bd3 Bb4 100. Kf5 Bc3 101. Kf4 Bd2+ 102. Kg4 Bc3 103. Rh7+ Kf8 104. Rh1 Kg7 105. Bf5 Be5 106. Re1 Bd6 107. Rd1 Bc7 108. Rd4 Be5 109. Rd8 Bc7 110. Rc8 Bb6 111. Bd3 Rd7 112. Be4 Rd8 113. Rxd8 Bxd8 114. Kf5 Be7 115. Ke6 Bb4 116. Kd7 c5 117. Kc7 Kf6 118. Kxb7 Kg7 119. Kc6 Kf6 120. Kd5 Kg7 1/2-1/2

[Event "Khanty-Mansiysk TOP 28 Rapid GP"]
[Site "Khanty-Mansiysk"]
[Date "2023.12.02"]
[Round "7"]
[White "Zakhartsov, Vladimir"]
[Black "Khripachenko, Alexander"]
[Result "1-0"]
[WhiteElo "2525"]
[BlackElo "2259"]
[PlyCount "77"]
[EventDate "2023.12.01"]
[EventType "tourn (rapid)"]
[EventRounds "13"]
[EventCountry "RUS"]
[EventCategory "10"]
[SourceTitle "CB49_2023"]
[SourceDate "2023.12.06"]
[SourceVersion "1"]
[SourceVersionDate "2023.12.06"]
[SourceQuality "1"]

1. d4 d5 2. c4 e6 3. Nf3 Nf6 4. g3 Be7 5. Bg2 0-0 6. 0-0 dxc4 7. Qc2 a6 8. Qxc4 b5 9. Qc2 Bb7 10. Bd2 Ra7 11. a3 Be4 12. Qc1 Nc6 13. e3 Qa8 14. Bc3 b4 15. axb4 Nxb4 16. Nbd2 Bd5 17. Ne1 Bxg2 18. Nxg2 c5 19. dxc5 Nd3 20. Qc2 Nxc5 21. Bxf6 gxf6 22. Nf4 Rb8 23. Nc4 Rc7 24. Qe2 Qe4 25. Rac1 Rbc8 26. Nd2 Qb7 27. Rc2 f5 28. Rfc1 a5 29. Nf3 Ne4 30. Rxc7 Rxc7 31. Rxc7 Qxc7 32. Qb5 Bf8 33. Nd3 Qc2 34. Nfe5 Nd2 35. Kg2 Qb1 36. Nf4 Qe4+ 37. Kh3 Bd6 38. Qe8+ Kg7 39. Qxf7+ 1-0

[Event "Khanty-Mansiysk TOP 28 Rapid GP"]
[Site "Khanty-Mansiysk"]
[Date "2023.12.01"]
[Round "3"]
[White "Iljiushenok, Ilia"]
[Black "Khripachenko, Alexander"]
[Result "0-1"]
[WhiteElo "2547"]
[BlackElo "2259"]
[PlyCount "74"]
[EventDate "2023.12.01"]
[EventType "tourn (rapid)"]
[EventRounds "13"]
[EventCountry "RUS"]
[EventCategory "10"]
[SourceTitle "CB49_2023"]
[SourceDate "2023.12.06"]
[SourceVersion "1"]
[SourceVersionDate "2023.12.06"]
[SourceQuality "1"]

1. Nf3 d5 2. c4 e6 3. g3 Nf6 4. Bg2 Be7 5. 0-0 0-0 6. b3 c5 7. cxd5 Nxd5 8. Bb2 Nc6 9. d4 cxd4 10. Nxd4 Bd7 11. Nc3 Nxc3 12. Bxc3 Rc8 13. Rc1 Be8 14. Bb2 Qb6 15. e3 Qa6 16. Bxc6 bxc6 17. Qg4 g6 18. Qf4 c5 19. Nf3 f6 20. a3 Qd3 21. Rc3 Qd5 22. e4 Qb7 23. Rfc1 e5 24. Qe3 Bf7 25. Nd2 Rfd8 26. Nc4 Rd4 27. f3 Rcd8 28. Ba1 h5 29. Nb2 Qb5 30. Nc4 Bf8 31. Qe2 Bh6 32. Re1 Kg7 33. Rc2 Rd3 34. f4 Qxb3 35. fxe5 Bxc4 36. exf6+ Kf7 37. Rb2 Rxg3+ 0-1